Central Library OPAC University of Rajshahi

ভ্রমন সঙ্গী / (Record no. 84651)

MARC details
000 -LEADER
fixed length control field 00815nam a2200229 a 4500
001 - CONTROL NUMBER
control field 84651
003 - CONTROL NUMBER IDENTIFIER
rucl marc code BD-RjUL
005 - DATE AND TIME OF LATEST TRANSACTION
control field 20250209131106.0
008 - FIXED-LENGTH DATA ELEMENTS--GENERAL INFORMATION
fixed length control field 250209s1993 ii ||||| |||| 00| 0 ben d
035 ## - SYSTEM CONTROL NUMBER
System control number (BD-RjUL)84651
040 ## - CATALOGING SOURCE
Original cataloging agency BD-RjUL
Language of cataloging eng
Transcribing agency BD-RjUL
041 ## - LANGUAGE CODE
Language code of text/sound track or separate title ben
082 ## - DEWEY DECIMAL CLASSIFICATION NUMBER
Edition number 23
Classification number 915.4
Author mark and year DUB 1993
100 ## - MAIN ENTRY--PERSONAL NAME
Personal name দত্ত, গীতা
9 (RLIN) 14924
245 ## - TITLE STATEMENT
Title ভ্রমন সঙ্গী /
Statement of responsibility, etc. গীতা দত্ত এবং মৃণাল দত্ত
260 ## - PUBLICATION, DISTRIBUTION, ETC. (IMPRINT)
Place of publication, distribution, etc. কলিকাতা :
Name of publisher, distributor, etc. এশিয়া সাব কো:,
Date of publication, distribution, etc. ১৯৯৩
300 ## - PHYSICAL DESCRIPTION
Pagination ৭৩৬ পৃ.:
Illustrations চিত্রসমূহ;
Size ২২ সেমি.
650 ## - SUBJECT ADDED ENTRY--TOPICAL TERM
Topical term or geographic name as entry element ভ্রমন
Geographic subdivision ভারত
9 (RLIN) 14925
Topical term or geographic name as entry element Travel
Geographic subdivision India
9 (RLIN) 1197
700 ## - ADDED ENTRY--PERSONAL NAME
Personal name দত্ত, মৃণাল
942 ## - ADDED ENTRY ELEMENTS (KOHA)
Source of classification or shelving scheme Dewey Decimal Classification
Koha item type Books
Holdings
Lost status Source of classification or shelving scheme Damaged status Not for loan Collection code Permanent Location Current Location Shelving location Date acquired Source of acquisition Cost, normal purchase price Total Checkouts Full call number Date last seen Copy number Koha item type
  Dewey Decimal Classification   Not For Loan Non-fiction Central Library, University of Rajshahi Central Library, University of Rajshahi Reading Room 17/04/1995 Dhaka : Nahar Book 180.00   B 915.4 DUB 1993 09/02/2025 C-1 Books